000
00220 a2200109 4500
001
51109
040
_c
Anchieta - Pituba
240
1
0
_a
Evento de Música
_l
245
1
0
_a
Evento de Música
650
4
_a
Música
942
_c
MX
999
_c
51109
_d
51109